Simply Count 'em and Click 'em Quiz Stats

 Plays Quiz Updated Jan 29, 2019

Support Sporcle.
Go Orange.
Score 0/20 Timer 01:30
5 Plays Today
% Correct
83.1%
82.7%
82.5%
82.3%
82.3%
82.2%
81.7%
81.5%
81.4%
80.5%
% Correct
80.3%
79.9%
79%
78.7%
78.7%
78.4%
77.5%
76.1%
75.4%
74.3%

You're not logged in!

Compare scores with friends on all Sporcle quizzes.
OR
Log In
Forgot?

From the Vault

'W', 'X', 'Y', 'Z' Sorting Gallery

by alinrotundu

Those end-of-the-alphabet letters gotta stick together.
Remove Ads.
Support Sporcle.
Get the best of Sporcle when you Go Orange. This ad-free experience offers more features, more stats, and more fun while also helping to support Sporcle. Thank you for becoming a member.

Show Comments

Extras

Top Quizzes Today


Score Distribution

Your Account Isn't Verified!

In order to create a playlist on Sporcle, you need to verify the email address you used during registration. Go to your Sporcle Settings to finish the process.

Report this User

Report this user for behavior that violates our Community Guidelines.

Details: